| LEADER | 01156cam a2200265 a 4500 | ||
|---|---|---|---|
| 001 | u253156 | ||
| 003 | SIRSI | ||
| 008 | 920907s1991 my t 1 may m | ||
| 040 | |a UMM | ||
| 043 | |a a-my--- | ||
| 090 | |a DS646.35 |b Mohar | ||
| 091 | |a Microfiche 12176 | ||
| 100 | 0 | 0 | |a Pengiran Mohammad Pengiran Haji Abd. Rahman, |c Haji, |d 1948- |
| 245 | 1 | 0 | |a Kemasukan dan perkembangan Islam di Borneo British dengan tumpuan khas ke atas Brunei Darussalam (abad 13-20 Masihi) / |c Pg. Haji Mohammad bin Pg. Haji Abd. Rahman. |
| 260 | |c 1991. | ||
| 300 | |a xxix, 711 leaves ; |c 29 cm. | ||
| 500 | |a Also available on microfiche. Kuala Lumpur : Perpustakaan Universiti Malaya, 1996. 8 fiches : negative ; 11x15 cm. | ||
| 502 | |a Thesis (Ph.D.) -- Jabatan Pengajian Islam, Fakulti Sastera dan Sains Sosial, Universiti Malaya, 1991. | ||
| 504 | |a Bibliography: leaves 567-589. | ||
| 650 | 0 | |a Islam |z Brunei |x History. | |
| 650 | 0 | |a Islam |z Borneo |x History. | |
| 710 | 2 | 0 | |a Universiti Malaya. |b Jabatan Pengajian Islam. |
| 948 | |a 07/09/1992 |b 25/11/2000 | ||
| 596 | |a 1 | ||
| 999 | |a DS646.35 MOHAR |w LC |c 1 |i A011129361 |d 29/3/2017 |e 29/3/2017 |l STACKS |m P01UTAMA |n 60 |r Y |s Y |t TESIS |u 7/9/1992 | ||
